| 000 | 00420cam a2200169ua 4500 | ||
|---|---|---|---|
| 020 | _c12.50 | ||
| 041 |
_aeng _h |
||
| 082 |
_a531.25 _bRAM/TE |
||
| 100 | _aRamaswamy, R.G . | ||
| 245 |
_aText book of graphic statics / _cR.G Ramaswamy. _hTextual Documents |
||
| 260 |
_aMumbai : _bAsia Publishing House , _c1968. |
||
| 300 | _a140 ; . | ||
| 365 | _a12.50 | ||
| 504 | _a | ||
| 942 | _cBK | ||
| 999 |
_c7518 _d7518 |
||